00330cam a22001097a 4500008004000000082001700040100001900057245005900076260003800135300001000173650003700183180718b1979 xxu||||| |||| 00| 0 eng d aA99/K527 G76 aGraham, G.F.I. aLife and work of Sir Syed Ahmed Khancby G.F.I. Graham aKarachibOxford Univ. Pressc1979 a296p. aKhan, Sir Syed Ahmed - Biography